Problém účinnosti měnové politiky v Lucasově teorii Phillipsovy křivky

Vznik, hlavní predstavitelia a myšlienkový smer novej klasickej makroekonómie. Základné východiská lucasovej makroekonómie. Non-neutralita peňazí v kontexte adaptívnych očakávaní a intertemporálnej substitúcie spotreby. Otázky účinnosti menovej politiky v kontexte racionálnych očakávaní. Phillipsova...

Descripción completa

Guardado en:
Detalles Bibliográficos
Autor principal: Brůna, Karel
Formato: Capítulo de libro
Lenguaje:checo
Materias:
Etiquetas: Agregar Etiqueta
Sin Etiquetas, Sea el primero en etiquetar este registro!

MARC

LEADER 00000naa a2200000 4500
001 r046852
005 20231003115318.4
041 0 |a cze 
044 |a CZ 
245 1 0 |a Problém účinnosti měnové politiky v Lucasově teorii Phillipsovy křivky  |c Karel Brůna 
520 |a Vznik, hlavní predstavitelia a myšlienkový smer novej klasickej makroekonómie. Základné východiská lucasovej makroekonómie. Non-neutralita peňazí v kontexte adaptívnych očakávaní a intertemporálnej substitúcie spotreby. Otázky účinnosti menovej politiky v kontexte racionálnych očakávaní. Phillipsova krivka ako funkcia agregátnej ponuky a ako dôsledok nedokonalého odlíšenia zmien cenovej hladiny a cenových relácií. 
610 2 0 |a teórie ekonomické 
610 2 0 |a ekonómia politická klasická 
610 2 0 |a makroekonomika 
610 2 0 |a ponuka 
610 2 0 |a dopyt 
610 2 0 |a peniaze 
610 2 0 |a trh 
610 2 0 |a politika menová 
610 2 0 |a Phillipsova krivka 
610 2 0 |a Lucas, R.E. 
100 1 |a Brůna, Karel